[Event "1. liga V 18/19, Kromeriz-Orlova"]
[Site ""]
[Date "2019.01.06"]
[Round "5.3"]
[White "Dvorak, Martin"]
[Black "Nedela, Vlastimil"]
[Result "1/2-1/2"]
[WhiteElo "2168"]
[BlackElo "2319"]
[PlyCount "0"]
[WhiteTeam "Slavia Kromeriz"]
[BlackTeam "SK Slavia Orlova"]
[EventDate "2018.10.21"]

1. e4 e5 2. Nf3 Nc6 3. Bb5 Nd4 4. Nxd4 exd4 5. O-O Bc5 6. d3 c6 7. Bc4 d5 8.
exd5 cxd5 9. Bb5+ Kf8 10. Ba4 h5 11. Bf4 Ne7 12. h3 Ng6 13. Bg3 Rh6 14. Nd2 h4
15. Bh2 Bd6 16. Bxd6+ Qxd6 17. Qe2 Be6 18. Nf3 Nf4 19. Qe5 Qxe5 20. Nxe5 f6 21.
Nf3 Rg6 22. Nxh4 Nxh3+ 23. Kh2 Rh6 24. Kg3 Nf4 25. Kxf4 g5+ 26. Kf3 gxh4 27.
Rfe1 Kf7 1/2-1/2

[Event "1. liga V 18/19, Kromeriz-Orlova"]
[Site ""]
[Date "2019.01.06"]
[Round "5.4"]
[White "Olsarova, Karolina"]
[Black "Pastircak, Milan"]
[Result "1/2-1/2"]
[WhiteElo "2263"]
[BlackElo "2285"]
[PlyCount "0"]
[WhiteTeam "SK Slavia Orlova"]
[BlackTeam "Slavia Kromeriz"]
[EventDate "2018.10.21"]

1. e4 g6 2. d4 Bg7 3. Nc3 d6 4. Be3 a6 5. Qd2 b5 6. a4 b4 7. Nd1 a5 8. c3 bxc3
9. bxc3 Nf6 10. f3 Ba6 11. Bd3 Nbd7 12. Nf2 Qc8 13. Ne2 Bxd3 14. Qxd3 O-O 15.
O-O Nb6 16. Rfb1 Qa6 17. Qxa6 Rxa6 18. Nd3 Nfd7 19. Bg5 e6 20. Nb2 Rc8 21. Kf2
c5 22. Ke3 Ra7 23. Kd3 Rac7 24. Rc1 d5 25. e5 Bf8 26. Bd2 Rb7 27. Rc2 Nc4 28.
Nxc4 dxc4+ 29. Kxc4 cxd4+ 30. Kxd4 Rbc7 31. f4 Rc4+ 32. Kd3 Nb6 33. Be3 Nd5 34.
Kd2 Bb4 35. Rac1 Ba3 1/2-1/2

[Event "1. liga V 18/19, Kromeriz-Orlova"]
[Site ""]
[Date "2019.01.06"]
[Round "5.5"]
[White "Mudrak, Josef"]
[Black "Zabystrzan, Pavel"]
[Result "1/2-1/2"]
[WhiteElo "2245"]
[BlackElo "2223"]
[PlyCount "0"]
[WhiteTeam "Slavia Kromeriz"]
[BlackTeam "SK Slavia Orlova"]
[EventDate "2018.10.21"]

1. d4 Nf6 2. Nf3 e6 3. g3 b6 4. Bg2 Bb7 5. O-O Be7 6. c4 O-O 7. Re1 d5 8. Ne5
c5 9. dxc5 Bxc5 10. Nc3 Ne4 11. Nxe4 dxe4 12. Nd3 Be7 13. Nf4 Nd7 14. b3 Qc7
15. Bb2 Bf6 16. Qc2 Bxb2 17. Qxb2 Nf6 18. Bh3 Rfd8 19. Ng2 Nd7 20. Red1 Qe5 21.
Qxe5 Nxe5 22. Ne3 f5 23. Kf1 Kf7 24. Ke1 g6 25. Rxd8 Rxd8 26. Rd1 Rxd1+ 27.
Kxd1 Ke7 28. Bf1 Kd6 29. h3 a5 30. Kd2 Ba6 31. a4 1/2-1/2

[Event "1. liga V 18/19, Kromeriz-Orlova"]
[Site ""]
[Date "2019.01.06"]
[Round "5.6"]
[White "Lojek, Marek"]
[Black "Kapusta, Petr"]
[Result "1/2-1/2"]
[WhiteElo "2205"]
[BlackElo "2211"]
[PlyCount "0"]
[WhiteTeam "SK Slavia Orlova"]
[BlackTeam "Slavia Kromeriz"]
[EventDate "2018.10.21"]

1. e4 c5 2. c3 d5 3. exd5 Qxd5 4. d4 e5 5. Nf3 cxd4 6. cxd4 exd4 7. Qxd4 Qxd4
8. Nxd4 Bd7 9. Nb5 Bb4+ 10. Bd2 Bxd2+ 11. Nxd2 Bxb5 12. Bxb5+ Nc6 13. Bxc6+
bxc6 14. O-O-O O-O-O 15. Nc4 Nh6 16. Rde1 Rd4 17. b3 Rhd8 1/2-1/2

[Event "1. liga V 18/19, Kromeriz-Orlova"]
[Site ""]
[Date "2019.01.06"]
[Round "5.7"]
[White "Karlik, Vladimir"]
[Black "Kubos, Rostislav"]
[Result "1/2-1/2"]
[WhiteElo "2171"]
[BlackElo "2172"]
[PlyCount "0"]
[WhiteTeam "Slavia Kromeriz"]
[BlackTeam "SK Slavia Orlova"]
[EventDate "2018.10.21"]

1. e4 c5 2. Nc3 Nc6 3. Bb5 e6 4. Bxc6 bxc6 5. d3 Nf6 6. f4 d5 7. Qe2 Be7 8. Nf3
Qb6 9. e5 Nd7 10. b3 Ba6 11. Na4 Qa5+ 12. Bd2 Qc7 13. c4 d4 14. O-O Bc8 15.
Rae1 Nb6 16. Nb2 Bd7 17. Ng5 h5 18. Rf3 g6 19. Rh3 Bxg5 20. fxg5 Rf8 21. Rf3 a5
22. Ref1 a4 23. Qf2 Bc8 24. bxa4 Nxa4 25. Nxa4 Rxa4 26. Bc1 1/2-1/2

[Event "1. liga V 18/19, Kromeriz-Orlova"]
[Site ""]
[Date "2019.01.06"]
[Round "5.8"]
[White "Kostka, Vit"]
[Black "Cagasik, Tomas"]
[Result "1-0"]
[WhiteElo "2135"]
[BlackElo "2188"]
[PlyCount "0"]
[WhiteTeam "SK Slavia Orlova"]
[BlackTeam "Slavia Kromeriz"]
[EventDate "2018.10.21"]

1. e4 c6 2. d4 d6 3. Nc3 Nf6 4. Nf3 Bg4 5. Be2 Nbd7 6. h3 Bxf3 7. Bxf3 e6 8. d5
cxd5 9. exd5 e5 10. g4 g6 11. g5 Ng8 12. Ne4 Qc7 13. Be3 h5 14. Qd2 Ne7 15.
O-O-O Bg7 16. Qb4 Nf5 17. Rd3 b6 18. Qb5 Nd4 19. Rxd4 exd4 20. Bf4 Bf8 21. Qc6
O-O-O 22. Nxd6+ Bxd6 23. Bxd6 Qxc6 24. dxc6 Nc5 25. Be7 Rde8 26. Bf6 Rhg8 27.
Bxd4 Ne4 28. Be3 Re6 29. b4 Rd8 30. Kb2 Rd5 31. Be2 Nxf2 32. Ba6+ Kc7 33. Bxf2
Rxg5 34. b5 Rg2 35. Rd1 Rd6 36. Bd4 Re2 37. Kb3 g5 38. c3 f5 39. Rg1 Rg6 40.
Rd1 Rd6 41. Rf1 f4 42. h4 Rde6 43. hxg5 R6e4 44. g6 Rg2 45. Rxf4 1-0

[Event "1. liga V 18/19, Litovel-Trinec"]
[Site ""]
[Date "2019.01.06"]
[Round "5.1"]
[White "Belunek, Vladimir"]
[Black "Langner, Ladislav"]
[Result "0-1"]
[WhiteElo "2212"]
[BlackElo "2387"]
[PlyCount "0"]
[WhiteTeam "TJ Tatran Litovel"]
[BlackTeam "TZ Trinec"]
[EventDate "2018.10.21"]

1. d4 Nf6 2. Nf3 g6 3. c4 Bg7 4. Nc3 d5 5. cxd5 Nxd5 6. e4 Nxc3 7. bxc3 c5 8.
Rb1 O-O 9. Be2 b6 10. O-O Bb7 11. Qd3 Ba6 12. Qe3 Qd7 13. dxc5 Bxe2 14. Qxe2
bxc5 15. Qc4 Qc6 16. e5 Nd7 17. Re1 e6 18. Bg5 Rfb8 19. Rbd1 Rb2 20. Be7 Nb6
21. Qxc5 Qxc5 22. Bxc5 Rxa2 23. Ra1 Rxa1 24. Rxa1 Nd7 25. Rxa7 Rb8 26. Bb4 Nxe5
27. Nxe5 Bxe5 28. g3 Kg7 29. Kf1 Rc8 30. Ra3 g5 31. h3 Kg6 32. Ke2 h5 33. Kd3
h4 34. g4 f5 35. f3 Rd8+ 36. Ke2 Bf4 37. Ra2 fxg4 38. fxg4 Rd5 39. c4 Re5+ 40.
Kd1 Re3 41. Ra3 Re4 42. Ra6 Rxc4 43. Rxe6+ Kf7 44. Re7+ Kf6 45. Rb7 Rc1+ 46.
Ke2 Rh1 47. Rb6+ Kf7 48. Be1 Rxh3 49. Bf2 Rc3 50. Rb7+ Ke6 51. Rb6+ Bd6 52. Rb5
Bf4 53. Rb6+ Kd5 54. Rb5+ Ke4 55. Rb4+ Kd5 56. Rb5+ Kc6 57. Rb6+ Kc7 58. Rh6
Rh3 59. Kf1 Kd7 60. Kg2 Rh2+ 61. Kg1 h3 62. Ba7 Ra2 63. Bd4 Rd2 64. Bb6 h2+ 65.
Kh1 Ke7 66. Bc5+ Kf7 67. Bf2 Kg7 68. Re6 Kf7 69. Re1 Kf6 70. Bg3 Rc2 71. Rf1
Ke5 72. Rf2 Rc1+ 73. Kxh2 Ke4 74. Kg2 Be3 75. Ra2 Rg1+ 76. Kh2 Kf3 77. Bd6 Rxg4
78. Kh1 Rg1+ 79. Kh2 g4 80. Ra3 Rd1 81. Ra6 Rxd6 82. Rxd6 Bf4+ 0-1

[Event "1. liga V 18/19, Litovel-Trinec"]
[Site ""]
[Date "2019.01.06"]
[Round "5.2"]
[White "Chytilek, Roman"]
[Black "Vanek, Ladislav"]
[Result "1-0"]
[WhiteElo "2331"]
[BlackElo "2255"]
[PlyCount "0"]
[WhiteTeam "TZ Trinec"]
[BlackTeam "TJ Tatran Litovel"]
[EventDate "2018.10.21"]

1. d4 d5 2. Nf3 Nf6 3. c4 c6 4. e3 Bf5 5. Nc3 e6 6. Nh4 Be4 7. f3 Bg6 8. Qb3
Qb6 9. Nxg6 hxg6 10. g3 Bd6 11. Qxb6 axb6 12. Kf2 Nbd7 13. cxd5 exd5 14. Kg2 b5
15. Bd3 b4 16. Ne2 g5 17. h3 Be7 18. Bd2 Nf8 19. a3 bxa3 20. bxa3 Ne6 21. a4
Kd7 22. Rhb1 Ra7 23. Nc1 Rha8 24. a5 Ne8 25. Nb3 Nd6 26. Rc1 g6 27. e4 f5 28.
exd5 cxd5 29. Nc5+ Nxc5 30. dxc5 Ne8 31. Bb5+ Kd8 32. c6 Nc7 33. Bd3 b6 34.
Rab1 bxa5 35. Be3 Ne6 36. Bxa7 Rxa7 37. Re1 Nc5 38. Bc2 Bf6 39. Rb5 Bc3 40. Rd1
Bb4 41. Rxd5+ Ke7 42. Rdxc5 Bxc5 43. Rxc5 a4 44. Bb1 a3 45. Ba2 Ra4 46. Rc2 Rb4
47. Kf2 Rb5 48. Ke3 Rb4 49. g4 Rb8 50. Rc3 Rh8 51. Rxa3 Rxh3 52. Bd5 fxg4 53.
Ra7+ 1-0

[Event "1. liga V 18/19, Litovel-Trinec"]
[Site ""]
[Date "2019.01.06"]
[Round "5.3"]
[White "Pan, Vladimir"]
[Black "Walek, Milan"]
[Result "1-0"]
[WhiteElo "2016"]
[BlackElo "2307"]
[PlyCount "0"]
[WhiteTeam "TJ Tatran Litovel"]
[BlackTeam "TZ Trinec"]
[EventDate "2018.10.21"]

1. e4 c5 2. d4 cxd4 3. c3 d3 4. Bxd3 Nc6 5. Nf3 d6 6. O-O g6 7. Be3 Bg7 8. Nbd2
Nf6 9. b3 O-O 10. Qe2 Qc7 11. Nd4 d5 12. Nb5 Qb8 13. c4 dxe4 14. Nxe4 Nh5 15.
Rad1 Nf4 16. Qd2 Nxd3 17. Qxd3 Be6 18. Qe2 Bf5 19. Nc5 a6 20. Nd4 Nxd4 21. Bxd4
e5 22. Be3 b5 23. h3 Rd8 24. Rxd8+ Qxd8 25. Rd1 Qe8 26. Rd2 Bf8 27. g4 Bc8 28.
Qf3 Rb8 29. Qf6 1-0

[Event "1. liga V 18/19, Litovel-Trinec"]
[Site ""]
[Date "2019.01.06"]
[Round "5.4"]
[White "Sikorova, Olga"]
[Black "Mohapl, Petr"]
[Result "1-0"]
[WhiteElo "2270"]
[BlackElo "2056"]
[PlyCount "0"]
[WhiteTeam "TZ Trinec"]
[BlackTeam "TJ Tatran Litovel"]
[EventDate "2018.10.21"]

1. c4 Nf6 2. g3 e5 3. Bg2 d5 4. cxd5 Nxd5 5. Nc3 Nxc3 6. bxc3 Bd6 7. Rb1 c6 8.
d3 O-O 9. Nf3 Nd7 10. O-O Nf6 11. Bg5 h6 12. Bxf6 Qxf6 13. Nd2 Qd8 14. a4 f5
15. Rb2 Qe7 16. Qb3+ Kh7 17. Nc4 Bc5 18. e3 Be6 19. Qxb7 Bxc4 20. dxc4 Qxb7 21.
Rxb7 Rac8 22. Rd1 Rfd8 23. Rxd8 Rxd8 24. Bxc6 Rd1+ 25. Kg2 Rd2 26. Kf1 f4 27.
Be4+ Kg8 28. Rc7 Bb6 29. Rc8+ Rd8 30. Bd5+ Kf8 31. Rxd8+ Bxd8 32. c5 fxe3 33.
fxe3 Ba5 34. c4 Ke7 35. Ke2 Bb4 36. c6 Bc5 37. Kf3 Bb6 38. h3 Bc7 39. c5 Ba5
40. Ke4 Bb4 41. Kf5 Ba5 42. g4 Bc7 43. Bg8 Bb8 44. Ke4 Bc7 45. Kd5 Bb8 46. Bh7
Bc7 47. Be4 Bb8 48. Kc4 1-0

[Event "1. liga V 18/19, Litovel-Trinec"]
[Site ""]
[Date "2019.01.06"]
[Round "5.5"]
[White "Krejci, Jan"]
[Black "Frolik, Martin"]
[Result "1/2-1/2"]
[WhiteElo "2095"]
[BlackElo "2182"]
[PlyCount "0"]
[WhiteTeam "TJ Tatran Litovel"]
[BlackTeam "TZ Trinec"]
[EventDate "2018.10.21"]

1. Nf3 d5 2. c4 e6 3. g3 c5 4. cxd5 exd5 5. d4 Nc6 6. Nc3 Nf6 7. Bg2 Be7 8. O-O
O-O 9. b3 Ne4 10. Bb2 Bf6 11. e3 Bg4 12. Ne2 Re8 13. Rb1 cxd4 14. Nexd4 Nxd4
15. Bxd4 Ng5 16. h4 Nxf3+ 17. Bxf3 Bxf3 18. Qxf3 Bxd4 19. exd4 Re4 20. Rfd1 Qd7
21. Rbc1 Rae8 22. Rc2 Qh3 23. Qc3 h6 24. Rcc1 Qf5 25. Re1 g6 26. Rxe4 Qxe4 27.
Qd2 Kg7 28. Rc7 Qb1+ 29. Rc1 Qe4 30. Rc7 Qb1+ 31. Rc1 1/2-1/2

[Event "1. liga V 18/19, Litovel-Trinec"]
[Site ""]
[Date "2019.01.06"]
[Round "5.6"]
[White "Sikora, Jan"]
[Black "Neoral, Antonin"]
[Result "1/2-1/2"]
[WhiteElo "2164"]
[BlackElo "2112"]
[PlyCount "0"]
[WhiteTeam "TZ Trinec"]
[BlackTeam "TJ Tatran Litovel"]
[EventDate "2018.10.21"]

1. e4 c5 2. Nc3 Nc6 3. Nf3 g6 4. d4 cxd4 5. Nxd4 Bg7 6. Nde2 Nf6 7. g3 b5 8.
Bg2 Rb8 9. O-O O-O 10. Rb1 b4 11. Na4 Qa5 12. c4 bxc3 13. Naxc3 Ba6 14. a3 Bxe2
15. Qxe2 Nd4 16. Qd1 e5 17. Be3 Rfe8 18. Qd3 d6 19. Rfd1 Rb3 20. Qd2 Reb8 21.
Bxd4 exd4 22. Qxd4 Rxb2 1/2-1/2

[Event "1. liga V 18/19, Litovel-Trinec"]
[Site ""]
[Date "2019.01.06"]
[Round "5.7"]
[White "Svancara, Petr"]
[Black "Kocian, Karel"]
[Result "1/2-1/2"]
[WhiteElo "2172"]
[BlackElo "2126"]
[PlyCount "0"]
[WhiteTeam "TJ Tatran Litovel"]
[BlackTeam "TZ Trinec"]
[EventDate "2018.10.21"]

1. e4 c5 2. Nf3 e6 3. b3 d6 4. Bb2 Nf6 5. Bb5+ Bd7 6. Qe2 Bxb5 7. Qxb5+ Qd7 8.
Nc3 a6 9. Qe2 Nc6 10. Na4 Qc7 11. c4 Be7 12. O-O O-O 13. d4 cxd4 14. Nxd4 Nxd4
15. Bxd4 Qc6 16. Rfe1 Rfe8 17. Rac1 Rac8 18. Nb6 Rcd8 19. f3 Nd7 20. Nxd7 Rxd7
21. Qb2 Bf8 22. b4 b5 23. cxb5 Qxb5 24. Qb3 d5 25. Bc5 dxe4 26. Rxe4 Red8 27.
Bxf8 Kxf8 28. a4 Qb6+ 29. Qe3 Rd1+ 30. Rxd1 Rxd1+ 31. Kf2 Rd2+ 32. Kg3 Qxe3 33.
Rxe3 Ra2 34. a5 1/2-1/2

[Event "1. liga V 18/19, Litovel-Trinec"]
[Site ""]
[Date "2019.01.06"]
[Round "5.8"]
[White "Pilch, Roman"]
[Black "Gerych, Jan"]
[Result "1/2-1/2"]
[WhiteElo "2176"]
[BlackElo "1995"]
[PlyCount "0"]
[WhiteTeam "TZ Trinec"]
[BlackTeam "TJ Tatran Litovel"]
[EventDate "2018.10.21"]

1. Nf3 Nf6 2. c4 e6 3. g3 b6 4. b3 Bb7 5. Bb2 c5 6. Bg2 Be7 7. O-O O-O 8. Nc3
d5 9. cxd5 Nxd5 10. Rc1 Nxc3 11. Bxc3 Nd7 12. Qc2 Bxf3 13. Bxf3 Rc8 14. Qb2 Bf6
15. d4 cxd4 16. Bxd4 Bxd4 17. Qxd4 Nf6 18. Qxd8 Rfxd8 19. Bb7 Rb8 20. Rfd1
Rxd1+ 21. Rxd1 Kf8 22. Bf3 Rc8 23. Rd2 Ke7 24. Kg2 e5 25. e3 h6 26. h4 g5 27.
hxg5 hxg5 28. Bb7 Rc7 29. Ba8 Rc8 30. Bb7 Rc7 31. Ba8 1/2-1/2

[Event "1. liga V 18/19, Ostrava-BSS"]
[Site ""]
[Date "2019.01.06"]
[Round "5.1"]
[White "Caletka, Radomir"]
[Black "Jasny, Stanislav"]
[Result "1-0"]
[WhiteElo "2279"]
[BlackElo "2365"]
[PlyCount "0"]
[WhiteTeam "TJ Ostrava"]
[BlackTeam "BSS Frydek-Mistek "B""]
[EventDate "2018.10.21"]

1. e4 c5 2. Nf3 e6 3. d4 cxd4 4. Nxd4 Nf6 5. Nc3 Nc6 6. Nxc6 bxc6 7. e5 Nd5 8.
Ne4 Qc7 9. f4 Qb6 10. c4 Bb4+ 11. Ke2 f5 12. exf6 Nxf6 13. Be3 Qd8 14. Nd6+
Bxd6 15. Qxd6 Bb7 16. Rd1 Rc8 17. Rg1 c5 18. g4 Ne4 19. Qd3 d5 20. Bg2 Qe7 21.
Bxe4 dxe4 22. Qd6 Rc6 23. Qxe7+ Kxe7 24. Rd2 Rd8 25. Rgd1 Rxd2+ 26. Rxd2 Ba6
27. b3 Rc7 28. Bf2 Bb7 29. Bh4+ Ke8 30. Rd6 Bc8 31. Ke3 Bd7 32. Kxe4 Rb7 33.
Bf2 Rc7 34. Ra6 Bc8 35. Ra5 a6 36. Bxc5 Bb7+ 37. Ke5 Kd7 38. Bd6 Rc8 39. c5 Ra8
40. b4 Bf3 41. g5 g6 42. a4 Kc6 43. b5+ Kb7 44. Rxa6 Rxa6 45. bxa6+ Kxa6 46.
Kxe6 Bc6 47. Kf7 Bxa4 48. Kg7 Kb5 49. Kxh7 Bc2 50. h4 Kc6 51. Kh6 Kd5 52. h5
gxh5 53. g6 Ke6 54. Kxh5 Be4 55. Kg5 Bd3 56. Be5 Be4 57. Bb2 Kd5 58. f5 1-0

[Event "1. liga V 18/19, Ostrava-BSS"]
[Site ""]
[Date "2019.01.06"]
[Round "5.3"]
[White "Malik, Jan"]
[Black "Stepan, Patrik"]
[Result "1-0"]
[WhiteElo "2308"]
[BlackElo "2234"]
[PlyCount "0"]
[WhiteTeam "TJ Ostrava"]
[BlackTeam "BSS Frydek-Mistek "B""]
[EventDate "2018.10.21"]

1. e4 c5 2. Nf3 d6 3. d4 cxd4 4. Nxd4 Nf6 5. Nc3 e6 6. Bc4 Be7 7. Bb3 O-O 8. g4
Na6 9. g5 Ne8 10. Rg1 g6 11. Be3 Nc5 12. h4 Ng7 13. Qe2 a6 14. O-O-O Bd7 15. f4
Nh5 16. f5 Re8 17. Qf3 b5 18. Rgf1 Nxb3+ 19. axb3 Bf8 20. Nxe6 Bxe6 21. fxe6
fxe6 22. Qf7+ Kh8 23. Bd4+ Ng7 24. Bf6 Qb8 25. h5 Ra7 26. hxg6 Rxf7 27. gxf7
Rc8 28. g6 Qb6 29. Rh1 Qe3+ 30. Kb1 h6 31. Rd3 Qf4 32. Ne2 Qxf6 33. Rxh6# 1-0

[Event "1. liga V 18/19, Ostrava-BSS"]
[Site ""]
[Date "2019.01.06"]
[Round "5.4"]
[White "Kozel, Jiri"]
[Black "Michenka, Jozef"]
[Result "0-1"]
[WhiteElo "2121"]
[BlackElo "2280"]
[PlyCount "0"]
[WhiteTeam "BSS Frydek-Mistek "B""]
[BlackTeam "TJ Ostrava"]
[EventDate "2018.10.21"]

1. e4 c5 2. Nf3 e6 3. d4 cxd4 4. Nxd4 Nc6 5. Nc3 a6 6. Nxc6 bxc6 7. Bd3 d5 8.
O-O Nf6 9. Re1 Be7 10. e5 Nd7 11. Qg4 Kf8 12. f4 g6 13. Qh3 h5 14. Bxg6 fxg6
15. Qxe6 Nc5 16. Qxc6 Be6 17. Na4 Rc8 18. Qb6 Qxb6 19. Nxb6 Rb8 20. b4 Rxb6 21.
bxc5 Bxc5+ 22. Be3 Bxe3+ 23. Rxe3 Ke7 24. Rb3 Rhb8 25. Rd1 Rb4 26. g3 a5 27.
Rd2 a4 28. Ra3 Rc4 29. c3 Rb1+ 30. Kf2 Rc1 31. Rd4 Rc2+ 32. Kg1 R2xc3 33. Rxa4
Rxd4 34. Rxd4 Rc1+ 35. Kf2 Rc2+ 36. Ke3 Rxa2 37. h4 Ra3+ 38. Kf2 Rc3 39. Ra4
Bf5 40. Ra7+ Kd8 41. Ra6 Be4 42. f5 Rf3+ 43. Ke2 Rxf5 0-1

[Event "1. liga V 18/19, Ostrava-BSS"]
[Site ""]
[Date "2019.01.06"]
[Round "5.5"]
[White "Brecka, Ivan"]
[Black "Weissmann, Lukas"]
[Result "1/2-1/2"]
[WhiteElo "2336"]
[BlackElo "2142"]
[PlyCount "0"]
[WhiteTeam "TJ Ostrava"]
[BlackTeam "BSS Frydek-Mistek "B""]
[EventDate "2018.10.21"]

1. e4 e5 2. Nf3 Nc6 3. d4 exd4 4. Nxd4 Bc5 5. Nxc6 Qf6 6. Qd2 dxc6 7. Nc3 Be6
8. Na4 Rd8 9. Bd3 Bd4 10. c3 Bxf2+ 11. Qxf2 Rxd3 12. Qxf6 Nxf6 13. Nc5 Rd8 14.
Nxb7 Rb8 15. Nc5 O-O 16. O-O Rfe8 17. b4 Bc4 18. Rxf6 gxf6 19. Nd7 Kg7 20. Nxb8
Rxb8 21. Be3 Re8 22. a4 a6 23. Re1 Bd3 24. Bf4 Rxe4 25. Rxe4 Bxe4 26. Bxc7 Kg6
27. Kf2 Kf5 28. g3 Bc2 29. a5 Ke4 30. Bd8 f5 31. Bg5 Bb3 32. Ke2 1/2-1/2

[Event "1. liga V 18/19, Ostrava-BSS"]
[Site ""]
[Date "2019.01.06"]
[Round "5.6"]
[White "Taus, Martin"]
[Black "Splichal, Stanislav"]
[Result "1/2-1/2"]
[WhiteElo "2105"]
[BlackElo "2145"]
[PlyCount "0"]
[WhiteTeam "BSS Frydek-Mistek "B""]
[BlackTeam "TJ Ostrava"]
[EventDate "2018.10.21"]

1. e4 c6 2. d4 d5 3. exd5 cxd5 4. c4 Nf6 5. Nc3 e6 6. Nf3 Bb4 7. cxd5 Nxd5 8.
Bd2 Nc6 9. Bd3 Be7 10. O-O O-O 11. Rc1 Bf6 12. Ne4 Nxd4 13. Nxf6+ Qxf6 14. Nxd4
Qxd4 15. Be3 Qf6 16. Bd4 Qg5 17. Re1 Bd7 18. b4 Rfc8 19. Be4 Bc6 20. b5 Bxb5
21. Bxd5 Rxc1 22. Qxc1 Qxc1 23. Rxc1 exd5 24. Rc7 Bc6 25. f3 h6 26. Re7 a5 27.
Kf2 a4 28. a3 Ra5 29. Bc3 Rb5 30. Bb4 d4 31. Ke1 f6 32. Kd2 Rg5 33. g3 Bxf3 34.
Rd7 Re5 35. h4 Bc6 36. Rxd4 h5 37. Rd3 Kf7 38. Re3 Rd5+ 39. Ke2 Rd7 40. Kf2 Kg6
41. Re7 Rd3 42. Re3 Rd1 43. Re1 Rd5 44. Re7 Rf5+ 45. Ke2 b5 46. Rc7 Re5+ 47.
Kf2 Bd5 48. Rc5 Bc4 49. Rxe5 fxe5 50. Ke3 Kf5 51. Bd6 g6 52. Kf3 Ke6 53. Bb4
Kd5 54. Ke3 Bf1 1/2-1/2

[Event "1. liga V 18/19, Ostrava-BSS"]
[Site ""]
[Date "2019.01.06"]
[Round "5.7"]
[White "Hladik, Oto"]
[Black "Mica, Marek"]
[Result "1/2-1/2"]
[WhiteElo "2142"]
[BlackElo "2212"]
[PlyCount "0"]
[WhiteTeam "TJ Ostrava"]
[BlackTeam "BSS Frydek-Mistek "B""]
[EventDate "2018.10.21"]

1. e4 e6 2. d4 d5 3. Nd2 Be7 4. Ngf3 Nf6 5. Bd3 c5 6. c3 Nc6 7. O-O dxe4 8.
Nxe4 cxd4 9. Nxd4 Nxd4 10. cxd4 O-O 11. Be3 Bd7 12. Nxf6+ Bxf6 13. Be4 Bc6 14.
Bxc6 bxc6 15. Rc1 Rb8 16. b3 Qa5 17. Qe2 Rfd8 18. Rc5 Qb6 19. Rfc1 Bxd4 20.
Rxc6 Qa5 21. Bxd4 Rxd4 22. g3 Rbd8 23. Rc8 h6 24. R1c5 Qb6 25. Qc2 Qb7 26. R5c7
Qf3 27. Rxd8+ Rxd8 28. Rc8 Rxc8 29. Qxc8+ Kh7 30. Qd7 a6 31. Qd4 Qe2 32. a3 e5
33. Qd5 f5 34. Kg2 Qb2 35. Qe6 Qxa3 36. Qxf5+ Kh8 37. Qxe5 Qxb3 38. Qe8+ Qg8
39. Qc6 a5 40. h4 Qb8 41. h5 Qe5 42. Qc8+ Kh7 43. Qc2+ Kg8 44. Qc4+ Kf8 45.
Qc8+ Ke7 46. Qb7+ Ke6 47. Qc6+ Ke7 48. Qb7+ Ke6 49. Qb6+ Kd7 50. Qb7+ Kd8 51.
Qa8+ Ke7 52. Qb7+ 1/2-1/2

[Event "1. liga V 18/19, Ostrava-BSS"]
[Site ""]
[Date "2019.01.06"]
[Round "5.8"]
[White "Gnojek, Petr"]
[Black "Vesely, Martin"]
[Result "1-0"]
[WhiteElo "2086"]
[BlackElo "2090"]
[PlyCount "0"]
[WhiteTeam "BSS Frydek-Mistek "B""]
[BlackTeam "TJ Ostrava"]
[EventDate "2018.10.21"]

1. d4 Nf6 2. c4 e6 3. Nf3 b6 4. e3 Bb7 5. Bd3 Be7 6. Nc3 d5 7. cxd5 exd5 8. O-O
O-O 9. Ne5 Nbd7 10. f4 Ne4 11. Nxe4 dxe4 12. Bc4 Nf6 13. b3 Bd5 14. Qc2 c5 15.
Bb2 Bxc4 16. bxc4 cxd4 17. Bxd4 Qc7 18. g4 h6 19. g5 hxg5 20. fxg5 Nd7 21. Qxe4
Nxe5 22. Bxe5 Qd7 23. g6 Rae8 24. gxf7+ Rxf7 25. Rxf7 Kxf7 26. Qf3+ Kg8 27. Rd1
Qe6 28. Qd5 Bg5 29. Bf4 Qxd5 30. cxd5 Bxf4 31. exf4 Kf7 32. Kf2 Rh8 33. Kg3 Rc8
34. d6 Ke6 35. Kg4 Kd7 36. Rd2 b5 37. Kf5 Rc1 38. Rd5 Rc2 39. Rxb5 Rxa2 40.
Rb7+ Kxd6 41. Rxg7 Rxh2 42. Rxa7 Rf2 43. Rf7 Rf1 44. Kg6 Ke6 45. f5+ Ke5 46.
Re7+ Kd6 47. Re2 0-1

[Event "1. liga V 18/19, SM-RnK"]
[Site ""]
[Date "2019.01.06"]
[Round "5.1"]
[White "Babula, Vlastimil"]
[Black "Kozusek, Daniel"]
[Result "1-0"]
[WhiteElo "2546"]
[BlackElo "2358"]
[PlyCount "0"]
[WhiteTeam "SK Stare Mesto"]
[BlackTeam "Panda Rychnov n. K."]
[EventDate "2018.10.21"]

1. d4 e6 2. c4 f5 3. g3 Nf6 4. Bg2 d5 5. Nh3 Bd6 6. O-O O-O 7. Qc2 c6 8. Bf4
Be7 9. Nd2 h6 10. Bxb8 Rxb8 11. Nf4 Bd6 12. Nd3 b6 13. Rac1 Ba6 14. Nf3 Nd7 15.
cxd5 cxd5 16. Qa4 Bc4 17. b3 Bxd3 18. exd3 Rf7 19. Rfe1 b5 20. Qxa7 Ne5 21. Qa6
Nxd3 22. Rxe6 Bf8 23. Ne5 Nxc1 24. Nxf7 Kxf7 25. Re1 Qd7 26. Rxc1 b4 27. Re1
Re8 28. Rxe8 Kxe8 29. Qa8+ Ke7 30. Bxd5 g5 31. Bc6 Qd6 32. Qe8+ Kf6 33. Bd5 Qe7
34. Qc6+ Qd6 35. Qe8 Qe7 36. Qc8 Qd6 37. h3 Qe7 38. Kg2 Qd6 39. Kg1 Qe7 40. Kf1
Qd6 41. Bc4 f4 42. gxf4 gxf4 43. Qe8 Kg5 44. Qf7 Be7 45. Be2 Bf8 46. h4+ 1-0

[Event "1. liga V 18/19, SM-RnK"]
[Site ""]
[Date "2019.01.06"]
[Round "5.3"]
[White "Skalsky, Alexandr"]
[Black "Novotny, Josef"]
[Result "1-0"]
[WhiteElo "2066"]
[BlackElo "2029"]
[PlyCount "0"]
[WhiteTeam "SK Stare Mesto"]
[BlackTeam "Panda Rychnov n. K."]
[EventDate "2018.10.21"]

1. e4 e6 2. d4 d6 3. c4 c6 4. Nc3 Na6 5. f4 Bd7 6. Nf3 Nh6 7. Bd3 Be7 8. Qe2
Qa5 9. Bd2 Qc7 10. O-O f6 11. e5 dxe5 12. fxe5 Nf7 13. d5 Nxe5 14. Nxe5 Qxe5
15. Qxe5 fxe5 16. Rae1 O-O-O 17. Rxe5 Bf6 18. Re2 cxd5 19. cxd5 Nb4 20. Bb1
Nxd5 21. Nxd5 exd5 22. Bf4 b6 23. Rc2+ Kb7 24. Rc7+ Ka6 25. Rf3 Bd4+ 26. Kh1
Bc5 27. b4 Bxb4 28. Rb3 Rhe8 29. h3 Ba5 30. Bd3+ b5 31. Rxd7 Rxd7 32. Bxb5+ Kb6
33. Bxd7+ 1-0

[Event "1. liga V 18/19, SM-RnK"]
[Site ""]
[Date "2019.01.06"]
[Round "5.4"]
[White "Horak, Jan"]
[Black "Husek, Martin"]
[Result "1-0"]
[WhiteElo "2027"]
[BlackElo "2216"]
[PlyCount "0"]
[WhiteTeam "Panda Rychnov n. K."]
[BlackTeam "SK Stare Mesto"]
[EventDate "2018.10.21"]

1. c4 g6 2. d4 Bg7 3. g3 c5 4. d5 b5 5. cxb5 d6 6. Nc3 a6 7. bxa6 Bxa6 8. e4
Bxf1 9. Kxf1 Nf6 10. Nf3 O-O 11. Kg2 Nbd7 12. Re1 Ra6 13. a4 Qa8 14. Nb5 Ne8
15. Ra2 Nb6 16. b3 f5 17. Ng5 fxe4 18. Ne6 Nxd5 19. Nxf8 Kxf8 20. f3 Nb4 21.
Rd2 exf3+ 22. Qxf3+ Qxf3+ 23. Kxf3 c4 24. bxc4 Rxa4 25. Kg2 Nf6 26. Ba3 Nc6 27.
Bxd6 exd6 28. Rxd6 Ne7 29. Rd8+ Ne8 30. Nd6 Ra2+ 31. Kh3 1-0

[Event "1. liga V 18/19, SM-RnK"]
[Site ""]
[Date "2019.01.06"]
[Round "5.5"]
[White "Sosna, Jan"]
[Black "Majocha, Piotr"]
[Result "1/2-1/2"]
[WhiteElo "2348"]
[BlackElo "1878"]
[PlyCount "0"]
[WhiteTeam "SK Stare Mesto"]
[BlackTeam "Panda Rychnov n. K."]
[EventDate "2018.10.21"]

1. d4 Nf6 2. Nf3 g6 3. Bg5 Bg7 4. Nbd2 d5 5. e3 O-O 6. Be2 Nbd7 7. O-O h6 8.
Bh4 c5 9. c3 b6 10. b4 Re8 11. Bb5 cxd4 12. cxd4 Bb7 13. Ne5 a6 14. Bxf6 axb5
15. Bxg7 Kxg7 16. Nd3 Nf6 17. f3 Qd6 18. Qb3 Rec8 19. Rac1 Ne8 20. Qb2 Qd8 21.
Rxc8 Rxc8 22. Rc1 Nd6 23. Rxc8 Qxc8 24. Qc1 Nc4 25. Kf2 Qa8 26. Qc2 Bc8 27.
Nxc4 bxc4 28. Nf4 b5 29. Qb2 g5 30. Ne2 Bd7 31. Nc3 e6 32. Nb1 Qa4 33. Ke1 Be8
34. Kd2 f6 35. Qa3 Qxa3 36. Nxa3 Kf7 37. Nb1 Ke7 38. e4 Kd6 39. Nc3 Bc6 40. Ke3
Bd7 41. Nd1 Bc6 42. Nf2 dxe4 43. fxe4 f5 44. d5 Bb7 45. dxe6 Bxe4 46. Nxe4+
fxe4 47. Kxe4 Kxe6 48. g4 Kd6 49. Kd4 Kc6 50. Ke4 1/2-1/2